000 nam a22 7a 4500
999 _c10517
_d10517
008 180219b ||||| |||| 00| 0 eng d
100 _aPrabhakar,A.
_94519
245 _aEnvironmental Studies-5
260 _aNew Delhi
_bPinnacle
_c2013